000 00849nam a22002537a 4500
005 20170123162340.0
010 _aA-842680
020 _c100.00
035 _aA-842680
037 _bCen Lib/Ret
040 _aDPL
_bUR
082 _a920
_bع ل ی
100 _aعلیم صبا نویدی
_9421
245 _aتامل ناڈو کے صاحب تصنیف علماء /
_cعلیم صبا نویدی
246 _aTamil nadu ke sahib tasneef ilmai /
_bby Alim Saba Navidi
260 _aمدراس
_bتامل ناڈو اردو پبلیکیشنز
_c1996
270 _bمدراس
_e600002
300 _a191p.
_c21cm(Hb)
650 _aادب - اردو
_9127082
650 _aاردو سوانح
_9127083
650 _aLiteraqture -- Urdu
_9127084
650 _aUrdu biographies
_9127085
942 _2ddc
_cUR
_h920
_mع ل ی
999 _c108490
_d108490